000 00847nam a2200265Ia 4500
003 OSt
005 20221005081921.0
006 a|||||r|||| 00| 0
007 ta
008 221004b |||||||| |||| 00| 0 eng d
020 _a9780761936022 (hbk)
_c450
024 _a89523
037 _b299, 22/02/2008, Bhartiya Sahitya Bhawan
_cTextual
040 _aCRL
_cCRL
_beng
041 _2eng
_aeng
082 _aD65,43.2, P7
100 _aPavarala Vinod
_9137938
245 0 _aOther voices
_b The struggle for community radio in India
260 _aNew Delhi
_bSage Publications India
_c2007
300 _a318p.
_ccm.
650 _aENGINEERING
700 _a Malik Kanchan K.
_9611400
942 _hD65,43.2, P7
_cTEXL
_2cc
999 _c988468
_d988468